000 00380 a2200157 4500
001 47777
020 _a9788578412210
040 _cAnchieta - Aquarius
100 _aSimizo, Massau
240 1 0 _aAs quatro estações e outros haicais
_lpor
245 1 0 _aAs quatro estações e outros haicais
300 _a64
362 0 _a2009
650 4 _aLiteratura brasileira
942 _cBK
999 _c47777
_d47777